NBA Players With the Most All-Stars - Statistics

General Stats
  • This quiz has been taken 87 times
  • The average score is 18 of 23
Answer Stats
Hint all
stars
Answer % Correct
CLE 20 LeBron James
100%
LAL 18 Kobe Bryant
97%
CHI 14 Michael Jordan
94%
LAL 19 Kareem Abdul-Jabbar
92%
BOS 12 Larry Bird
90%
OKC 14 Kevin Durant
89%
SAS 15 Tim Duncan
89%
DAL 14 Dirk Nowitzki
87%
GSW 13 Wilt Chamberlain
85%
LAL 14 Jerry West
84%
MIA 13 Dwyane Wade
82%
UTA 14 Karl Malone
81%
BOS 12 Bill Russell
80%
HOU 12 Hakeem Olajuwon
78%
LAC 12 Chris Paul
73%
DET 12 Isaiah Thomas
72%
BOS 15 Kevin Garnett
70%
LAL 15 Shaq O'neal
65%
HOU 12 Moses Malone
63%
BOS 13 Bob Cousy
62%
MIA 11 Chris Bosh
62%
BOS 13 John Havlicek
58%
WAS 12 Elvin Hayes
43%
No matching quizzes found
Score Distribution
Percent of People with Each Score
Percentile by Number Answered
Your Score History
You have not taken this quiz